¡Qué maleducado! : (Record no. 121376)

MARC details
000 -CABECERA
campo de control de longitud fija 00778nam a2200217 a 4500
005 - FECHA Y HORA DE LA ÚLTIMA TRANSACCIÓN
campo de control 20230624064106.0
008 - ELEMENTOS DE LONGITUD FIJA--INFORMACIÓN GENERAL
campo de control de longitud fija 070208s2003 mx r 000 0 spa d
020 ## - NÚMERO INTERNACIONAL NORMALIZADO PARA LIBROS
Número Internacional Estándar del Libro 8482397745
035 ## - NÚMERO DE CONTROL DEL SISTEMA
Número de control de sistema UPN01000149235
049 ## - COLECCIÓN
Colección CG
050 #4 - SIGNATURA TOPOGRÁFICA DE LA BIBLIOTECA DEL CONGRESO
Número de clasificación BJ1857 S7.5
Número de documento/Ítem P3.6
100 1# - ASIENTO PRINCIPAL--NOMBRE PERSONAL
Nombre de persona Packer, Alex J.
245 11 - MENCIÓN DE TÍTULO
Título ¡Qué maleducado! :
Resto del título guía de buenas maneras para adolescentes que quieren llegar lejos y salir con éxito de situaciones comprometidas /
Mención de responsabilidad, etc. Alex J. Packer ; tr. David Izquierdo Gómez.
260 ## - PUBLICACIÓN, DISTRIBUCIÓN, ETC.
Lugar de publicación, distribución, etc. Madrid :
Nombre del editor, distribuidor, etc. Palabra,
Fecha de publicación, distribución, etc. 2003.
300 ## - DESCRIPCIÓN FÍSICA
Extensión 556 p.
440 #0 - MENCIÓN DE SERIE/ASIENTO SECUNDARIO--TÍTULO
Título Edu.com
534 ## - NOTA SOBRE LA VERSIÓN ORIGINAL
Frase introductoria Traducción de:
Mención de título del original How rude : the teenager's guide to good manners
650 #4 - ASIENTO SECUNDARIO DE MATERIA - TERMINO TEMATICO
Término de materia o nombre geográfico como elemento de entrada ETIQUETA PARA NIÑOS Y JOVENES
9 (RLIN) 16370
650 #4 - ASIENTO SECUNDARIO DE MATERIA - TERMINO TEMATICO
Término de materia o nombre geográfico como elemento de entrada Relaciones interpersonales
9 (RLIN) 1551
905 ## - TIPO DE MATERIAL
Tipo de material Libro
Holdings
Estado de retiro Estado de pérdida Fuente del sistema de clasificación o colocación Estado dañado No para préstamo Código de colección Localización permanente Ubicación/localización actual Ubicación en estantería Total de préstamos Clasificación Código de barras Fecha visto por última vez Número de copia Tipo de ítem Koha
    Library of Congress Classification     Colección General Bib. Gregorio Torres Quintero Bib. Gregorio Torres Quintero Planta baja 10 BJ1857 S7.5 P3.6 245630 31/12/2020 1 Libro